Research and evaluation in the human services / (Record no. 5177)
[ view plain ]
| 000 -LEADER | |
|---|---|
| fixed length control field | 00819pam a2200265 a 4500 |
| 001 - CONTROL NUMBER | |
| control field | 5177 |
| 003 - CONTROL NUMBER IDENTIFIER | |
| rucl marc code | BD-RjUL |
| 005 - DATE AND TIME OF LATEST TRANSACTION | |
| control field | 20211208234025.0 |
| 008 - FIXED-LENGTH DATA ELEMENTS--GENERAL INFORMATION | |
| fixed length control field | 131224s1983 nyua b 001 0 eng |
| 020 ## - INTERNATIONAL STANDARD BOOK NUMBER | |
| International Standard Book Number | 002928080X |
| 035 ## - SYSTEM CONTROL NUMBER | |
| System control number | (BD-RjUL)5213 |
| 040 ## - CATALOGING SOURCE | |
| Original cataloging agency | DLC |
| Transcribing agency | DLC |
| Modifying agency | DLC |
| -- | BD-RjUL |
| Language of cataloging | eng |
| 041 ## - LANGUAGE CODE | |
| Language code of text/sound track or separate title | eng |
| 082 00 - DEWEY DECIMAL CLASSIFICATION NUMBER | |
| Classification number | 361.3072 |
| Edition number | 19 |
| Author mark and year | SCR 1983 |
| 100 1# - MAIN ENTRY--PERSONAL NAME | |
| Personal name | Schuerman, John R. |
| 9 (RLIN) | 16305 |
| 245 10 - TITLE STATEMENT | |
| Title | Research and evaluation in the human services / |
| Statement of responsibility, etc. | John R. Schuerman. |
| 260 ## - PUBLICATION, DISTRIBUTION, ETC. (IMPRINT) | |
| Place of publication, distribution, etc. | New York : |
| Name of publisher, distributor, etc. | Free Press ; |
| Place of publication, distribution, etc. | London : |
| Name of publisher, distributor, etc. | Collier Macmillan, |
| Date of publication, distribution, etc. | c1983. |
| 300 ## - PHYSICAL DESCRIPTION | |
| Pagination | xiv, 224 p. : |
| Illustrations | ill. ; |
| Size | 24 cm. |
| 504 ## - BIBLIOGRAPHY, ETC. NOTE | |
| Bibliography, etc | Includes bibliographies and index. |
| 650 #0 - SUBJECT ADDED ENTRY--TOPICAL TERM | |
| Topical term or geographic name as entry element | Social service |
| General subdivision | Research. |
| 9 (RLIN) | 16306 |
| Topical term or geographic name as entry element | Social service |
| General subdivision | Evaluation. |
| 9 (RLIN) | 16307 |
| 942 ## - ADDED ENTRY ELEMENTS (KOHA) | |
| Source of classification or shelving scheme | Dewey Decimal Classification |
| Koha item type | Books |
| Lost status | Source of classification or shelving scheme | Damaged status | Not for loan | Collection code | Permanent Location | Current Location | Shelving location | Date acquired | Source of acquisition | Cost, normal purchase price | Total Checkouts | Full call number | Date last seen | Copy number | Koha item type |
|---|---|---|---|---|---|---|---|---|---|---|---|---|---|---|---|
| Dewey Decimal Classification | Non-fiction | Central Library, University of Rajshahi | Central Library, University of Rajshahi | 09/12/1985 | Topam | 16.95 | 361.3072 SCR 1983 | 24/12/2013 | C-3 | Books | |||||
| Dewey Decimal Classification | Non-fiction | Central Library, University of Rajshahi | Central Library, University of Rajshahi | 09/12/1985 | Topam | 16.95 | 361.3072 SCR 1983 | 21/08/2016 | C-2 | Books | |||||
| Dewey Decimal Classification | Not For Loan | Non-fiction | Central Library, University of Rajshahi | Central Library, University of Rajshahi | Reading Room | 09/12/1985 | Topam | 16.95 | 361.3072 SCR 1983 | 24/12/2016 | C-1 | Books |